000 00925cam5a220024100 4500
001 qcf00592962
005 20190815110946.0
008 820713s1953 be a 000 0 fre d
035 _a(Sirsi) r90201
035 _a(QCAT)lss03473361
035 _a(UPRA)qcf00592962
040 _dUPRA
100 1 _aDartevelle, Edmond.
_6A49728.1
245 1 5 _aLes "N'zimbu," :
_bmonnaie du Royaume de Congo /
_cPref. du R.P. Pierre Charles.
260 _aBruxelles,
_c1953.
490 0 _aSociete royale belge d'anthropologie et de prehistoire. Memoires. t. 64, n.s. ;
_vno. 1
_6S8188.1
500 _a"Publie sous le Haut Patronage du Ministere des Colonies et de la Banque Central du Congo Belge et du Ruanda Urundi."
504 _aBibliography : p. 237-238.
504 _aBibliography: p. 237-238.
949 _aGN436.2
_wlcc
_i-126724
_mMAIN
_tBOOK
_lON-SHELF
949 _aGN436.2
_wlcc
_i-126725
_mMAIN
_tBOOK
_lON-SHELF
004 90201
999 _c69916
_d69916